English for Engineers (Record no. 13282)

MARC details
000 -LEADER
fixed length control field 00451nam a22001937a 4500
003 - CONTROL NUMBER IDENTIFIER
control field OSt
008 - FIXED-LENGTH DATA ELEMENTS--GENERAL INFORMATION
fixed length control field 250411b |||||||| |||| 00| 0 eng d
020 ## - INTERNATIONAL STANDARD BOOK NUMBER
International Standard Book Number 9789389754339
082 ## - DEWEY DECIMAL CLASSIFICATION NUMBER
Classification number 425 DUE
100 ## - MAIN ENTRY--PERSONAL NAME
Personal name DUBEY,Shyam ji
245 ## - TITLE STATEMENT
Title English for Engineers
250 ## - EDITION STATEMENT
Edition statement Rep
260 ## - PUBLICATION, DISTRIBUTION, ETC. (IMPRINT)
Place of publication, distribution, etc New Delhi
Name of publisher, distributor, etc Vikas
Date of publication, distribution, etc 2024
300 ## - PHYSICAL DESCRIPTION
Extent 192
650 ## - SUBJECT ADDED ENTRY--TOPICAL TERM
Topical term or geographic name as entry element English for Engineers
700 ## - ADDED ENTRY--PERSONAL NAME
Personal name KUMAR,Manish
700 ## - ADDED ENTRY--PERSONAL NAME
Personal name CHAUDHARY,Shreesh
942 ## - ADDED ENTRY ELEMENTS (KOHA)
Source of classification or shelving scheme Dewey Decimal Classification
Koha item type Text Books
Holdings
Withdrawn status Lost status Source of classification or shelving scheme Damaged status Not for loan Collection code Home library Current library Date acquired Source of acquisition Currency Cost, normal purchase price Bill Number Total Checkouts Full call number Acc. no. / Barcode Date last seen Actual Cost, discounted price Bill Date Koha item type
    Dewey Decimal Classification     Applied Sc. PIET C-LIBRARY PIET C-LIBRARY 04/04/2025 Zaffa Books INR 250.00 ZBD0009   425 DUE 39029 11/04/2025 175.00 04/04/2025 Reference Books
    Dewey Decimal Classification     Applied Sc. PIET C-LIBRARY PIET C-LIBRARY 04/04/2025 Zaffa Books INR 250.00 ZBD0009   425 DUE 39030 11/04/2025 175.00 04/04/2025 Text Books
    Dewey Decimal Classification     Applied Sc. PIET C-LIBRARY PIET C-LIBRARY 04/04/2025 Zaffa Books INR 250.00 ZBD0009   425 DUE 39031 11/04/2025 175.00 04/04/2025 Text Books
    Dewey Decimal Classification     Applied Sc. PIET C-LIBRARY PIET C-LIBRARY 04/04/2025 Zaffa Books INR 250.00 ZBD0009   425 DUE 39032 11/04/2025 175.00 04/04/2025 Text Books
    Dewey Decimal Classification     Applied Sc. PIET C-LIBRARY PIET C-LIBRARY 04/04/2025 Zaffa Books INR 250.00 ZBD0009   425 DUE 39033 11/04/2025 175.00 04/04/2025 Text Books
    Dewey Decimal Classification     Applied Sc. PIET C-LIBRARY PIET C-LIBRARY 04/04/2025 Zaffa Books INR 250.00 ZBD0009   425 DUE 39034 11/04/2025 175.00 04/04/2025 Text Books
    Dewey Decimal Classification     Applied Sc. PIET C-LIBRARY PIET C-LIBRARY 04/04/2025 Zaffa Books INR 250.00 ZBD0009   425 DUE 39035 11/04/2025 175.00 04/04/2025 Text Books
    Dewey Decimal Classification     Applied Sc. PIET C-LIBRARY PIET C-LIBRARY 04/04/2025 Zaffa Books INR 250.00 ZBD0009   425 DUE 39036 11/04/2025 175.00 04/04/2025 Text Books
    Dewey Decimal Classification     Applied Sc. PIET C-LIBRARY PIET C-LIBRARY 04/04/2025 Zaffa Books INR 250.00 ZBD0009   425 DUE 39037 11/04/2025 175.00 04/04/2025 Text Books
    Dewey Decimal Classification     Applied Sc. PIET C-LIBRARY PIET C-LIBRARY 04/04/2025 Zaffa Books INR 250.00 ZBD0009   425 DUE 39038 11/04/2025 175.00 04/04/2025 Text Books

Design & Developed by: PIET Central Library
R70 Miles Stone Pattikalyana Samalkha Panipat 132102
mail ID :- [email protected], Phone No:- 0180-2569700 Ex.216